00430 2200169 4500245008000000020002200080250001100102100001500113650002000128650001600148005001900164260002500183041001400208084000800222300002100230336000900251 aAtlas b : Indonesia dan Dunia untuk SD/SMP/SMA dan UmumcSerba JayahText a978-602-233-029-5 aCet. 1 aSerba Jaya aAtlas Indonesia aAtlas Dunia a20240229145955 aSurabayabSerba Jaya aIndonesia a912 a96 hlm. 31 cm. : atext